Les écrits dans l` apprentissage : Clés pour analyser les productions des apprenants
Salvato in:
| Autore principale: | |
|---|---|
| Natura: | Libro |
| Lingua: | Undetermined |
| Pubblicazione: |
París, Francia
Hachette Livre
1993
|
| Soggetti: | |
| Tags: |
Aggiungi Tag
Nessun Tag, puoi essere il primo ad aggiungerne!!
|
MARC
| LEADER | 00000nam a2200000Ia 4500 | ||
|---|---|---|---|
| 008 | 170316s9999 xx 000 0 und d | ||
| 090 | |a 415-F P-4e | ||
| 100 | |a Péry - Woodley; Marie - Paule | ||
| 245 | |a Les écrits dans l` apprentissage : Clés pour analyser les productions des apprenants | ||
| 260 | |a París, Francia | ||
| 260 | |b Hachette Livre | ||
| 260 | |c 1993 | ||
| 300 | |a 204 páginas | ||
| 650 | |a GRAMÁTICA FRANCESA | ||
| 650 | |a APRENDIZAJE | ||
| 650 | |a RETÓRICA FRANCESA | ||
| 650 | |a LINGÜÍSTICA FRANCESA | ||
| 999 | |c 19248 |d 19248 | ||
| 040 | |a cru BVZT | ||
| 942 | |c 15 D |h 415-F P-4e |2 z | ||
